[Event "SAIF POWERTEC 45th BAN Ch 2019"]
[Site "Dhaka"]
[Date "2019.11.06"]
[Round "5.10"]
[White "Md, Sariatullah"]
[Black "Islam, Khandaker Aminul"]
[Result "0-1"]
[WhiteElo "2063"]
[BlackElo "2229"]
[Annotator "TA"]
[PlyCount "76"]
[EventDate "2019.11.02"]
[EventType "swiss"]
[EventCountry "BAN"]
[SourceTitle "playchess.com"]
[Source "ChessBase"]
[SourceQuality "1"]

{[%evp 17,76,-36,-37,-38,-18,-29,-27,-57,-15,-99,-84,-76,-92,-86,-92,-111,-104,-99,-114,-107,-106,-114,-108,-136,-109,-127,-67,-52,-63,-75,-78,-47,-74,-376,-374,-346,-272,-266,-260,-271,-266,-341,-318,-591,-578,-816,-777,-29984,-29982,-29983,-29984,-29983,-6415,-1838,-1023,-1054,-888,-1037,-984,-941,-931]} 1. e4 e5 2. Nf3 Nc6 3. Bc4 Bc5 4. O-O Nf6 5. d4 Bxd4 6. Nxd4 Nxd4 7. f4 d6 8. fxe5 dxe5 9. Bg5 Qe7 10. Na3 {C50: Hungarian Defence and Giuoco Pianissimo} (10. c3 Be6 11. Na3 Bxc4 12. Bxf6 gxf6 13. Nxc4 Ne6 14. Ne3 Qc5 15. Qd2 Ng5 16. Rad1 Nxe4 17. Qd7+ Kf8 {1-0 (32) Gukesh,D (2466)-Aleksandrov,A (2590) Mumbai 2019}) 10... Bd7 11. Qe1 Ne6 12. Bxe6 {Black has an edge.} Bxe6 13. Kh1 (13. Qa5 $11) 13... Qc5 $146 ({Predecessor:} 13... h6 14. Bxf6 gxf6 15. Qf2 Rg8 16. Rad1 a6 17. c4 Rg6 {0-1 (32) Bikuzhin,V (2241)-Khanin,S (2387) Moscow 2015}) 14. Bxf6 gxf6 15. Rd1 Rd8 16. Qh4 Rxd1 17. Rxd1 {[#]} Ke7 $1 18. Rf1 Kd7 19. Qxf6 Rg8 20. c3 b6 $40 {[%mdl 128] Black has strong attack.} 21. Nc2 Qc4 ({Black should play} 21... Kc8 $17 22. Rg1 Rg4) 22. Qf3 $1 $15 Qxa2 {Threatens to win with ...Kc8.} 23. Nb4 Qxb2 {White must now prevent ...Kc8.} 24. Qd3+ Ke8 {[%csl Gg8][%cal Rb2g2]} 25. g3 $2 {[%mdl 8192]} (25. Rg1 $17) 25... Bh3 $19 {[%csl Gh3][%cal Rb2g2]} 26. Rg1 Qf2 27. Nc6 {[%csl Gc6][%cal Rd3d8]} Qf6 28. Rd1 {White wants to mate with Qd8+!} Kf8 29. Nxa7 Kg7 {( -> ...Rd8!)} 30. Qe2 $2 (30. Qe3) 30... Ra8 31. Nb5 {[#]} Ra2 $1 {[%mdl 512]} 32. Qe3 (32. Qxa2 Qf3+) 32... Rf2 33. Qd3 Rb2 34. Qe3 Rxb5 (34... Bg2+ $142 35. Kg1 Bxe4 36. Qd2 Rxd2 37. Rxd2 Qf3 38. c4 Qe3+ 39. Rf2 {[#]} Bd3 $1 {[%mdl 512]} 40. Kg2 Qe4+ 41. Kh3 Qe1 42. Nd4 Qxf2 43. Kh4 Qxd4+ {[%mdl 64] Double Attack} 44. g4 Qf2+ {[%mdl 64] Double Attack} 45. Kh5 Qxh2+ 46. Kg5 h6#) 35. g4 {Black is clearly winning.} Qh4 36. Qe2 Rc5 37. c4 Bxg4 38. Rg1 h5 {Accuracy: White = 40%, Black = 63%.} 0-1

[Event "SAIF POWERTEC 45th BAN Ch 2019"]
[Site "Dhaka"]
[Date "2019.11.06"]
[Round "5.11"]
[White "Md Emdadul, Haque"]
[Black "Rahman, Syed Mahfuzur"]
[Result "0-1"]
[WhiteElo "2044"]
[BlackElo "2158"]
[Annotator "TA"]
[PlyCount "20"]
[EventDate "2019.11.02"]
[EventType "swiss"]
[EventCountry "BAN"]
[SourceTitle "playchess.com"]
[Source "ChessBase"]
[SourceQuality "1"]

{[%evp 4,4,7]} 1. d4 d5 2. Bf4 c5 {Predecessor:} 3. e4 $146 dxe4 4. d5 Nf6 5. Nc3 g6 6. Nb5 Na6 7. d6 Be6 8. c3 Bg7 9. dxe7 Qxd1+ 10. Rxd1 Kxe7 {½-½ (94) Bauer,C (2647)-Postny,E (2630) Nancy 2019} 0-1

[Event "SAIF POWERTEC 45th BAN Ch 2019"]
[Site "Dhaka"]
[Date "2019.11.06"]
[Round "5.12"]
[White "S M Sharon"]
[Black "Zia, Tahsin Tajwar"]
[Result "1/2-1/2"]
[WhiteElo "2092"]
[BlackElo "2058"]
[Annotator "NA RC"]
[PlyCount "92"]
[EventDate "2019.11.02"]
[EventType "swiss"]
[EventCountry "BAN"]
[SourceTitle "playchess.com"]
[Source "ChessBase"]
[SourceQuality "1"]
[TimeControl "40/5400+30:1800+30"]

{[%evp 8,92,13,5,16,-27,-23,-27,-29,-46,-40,-38,-25,-32,-7,-16,-25,-20,-16,-17,-25,-19,-18,-26,2,-38,-6,-35,0,0,-8,-4,-3,0,0,-10,0,-30,0,-6,-7,-18,-4,-5,0,-6,0,0,0,0,0,0,0,0,5,0,0,0,0,-12,0,-20,-17,-31,-15,-30,-8,0,0,0,0,0,0,0,0,0,0,0,0,0,0,0,0,0,0,-6,0]} 1. Nf3 {[%emt 1:30:30]} d5 {[%emt 1:30:30]} 2. g3 {[%emt 0:00:30]} Bg4 {[%emt 0:00:30]} 3. Bg2 {[%emt 0:00:30]} e6 {[%emt 0:00:30]} 4. c4 {[%emt 0:00:30]} c6 {[%emt 0:00:30]} 5. Qb3 {[%emt 0:00:30]} Qb6 {[%emt 0:00:30]} 6. Qxb6 {[%emt 0:00:30] A11: English Opening: 1...c6} (6. d3 Nd7 7. Be3 Qxb3 8. axb3 a6 9. O-O Ngf6 10. Rc1 Be7 11. h3 Bxf3 12. Bxf3 O-O 13. Bg2 {½-½ (40) Wang,Y (2718)-Sargissian,G (2702) Huaian 2016}) 6... axb6 {[%emt 0:00:30]} 7. d3 {[%emt 0:00:30]} Nd7 {[%emt 0:00:30]} 8. Be3 $146 {[%emt 0:00:30]} ({Predecessor:} 8. cxd5 exd5 9. O-O g6 10. Bd2 Ngf6 11. Bc3 Bg7 12. h3 Bxf3 13. Bxf3 {0-1 (77) Xiao,Y (2100)-Khotenashvili,B (2518) China 2015}) 8... Ngf6 {[%emt 0:00:30]} 9. O-O {[%emt 0:00:30]} Bd6 {[%emt 0:00:30]} 10. Nc3 {[%emt 0:00:30]} O-O {[%emt 0:00:30]} 11. h3 {[%emt 0:00:30]} Bxf3 {[%emt 0:00:30]} 12. Bxf3 {[%emt 0:00:30]} Bc5 {[%emt 0:00:30]} 13. d4 {[%emt 0:00:30]} Bb4 {[%emt 0:00:30]} 14. cxd5 {[%emt 0:00:30]} exd5 {[%emt 0:00:30]} 15. Rfc1 {[%emt 0:00:30]} h6 {[%emt 0:00:30]} 16. g4 {[%emt 0:00:30]} Rfe8 {[%emt 0:00:30]} 17. Bd2 {[%emt 0:00:30]} Bxc3 {[%emt 0:00:30]} 18. Bxc3 {[%emt 0:00:30]} Ne4 {[%emt 0:00:30]} 19. Bb4 {[%emt 0:00:30]} Ng5 {[%emt 0:00:30]} 20. Kg2 $1 {[%emt 0:00:30]} Nf8 {[%emt 0:00:30]} 21. Bxf8 {[%emt 0:00:30]} Kxf8 {[%emt 0:00:30]} 22. e3 {[%emt 0:00:30]} Ra7 {[%emt 0:00:30]} 23. Bd1 {[%emt 0:00:30]} Rea8 {[%emt 0:00:30]} 24. Bb3 {[%emt 0:00:30]} Ne4 {[%emt 0:00:30]} 25. Rc2 {[%emt 0:00:30]} Nd6 {[%emt 0:00:30]} 26. f3 {[%emt 0:00:30]} b5 {[%emt 0:00:30]} 27. Re1 {[%emt 0:00:30]} Nc4 {[%emt 0:00:30]} 28. e4 {[%emt 0:00:30]} Re8 {[%emt 0:00:30]} 29. a3 {[%emt 0:00:30]} Raa8 {[%emt 0:00:30]} 30. Kf2 {[%emt 0:00:30]} Rad8 {[%emt 0:00:30]} 31. exd5 {[%emt 0:00:30]} Rxe1 {[%emt 0:00:30]} 32. Kxe1 {[%emt 0:00:30]} cxd5 {[%emt 0:00:30]} 33. Kf2 {[%emt 0:00:30]} Ke7 {[%emt 0:00:30]} 34. Re2+ {[%emt 0:00:30]} Kd6 {[%emt 0:00:30]} 35. Bxc4 {[%emt 0:00:30]} bxc4 {[%emt 0:00:30]} 36. Ke1 {[%emt 0:00:30]} Ra8 {[%emt 0:00:30]} 37. Kd2 {[%emt 0:00:30]} Ra6 {[%emt 0:00:30]} 38. Kc2 {[%emt 0:00:30]} Rb6 {[%emt 0:00:30]} 39. Re3 {[%emt 0:00:30]} Kd7 {[%emt 0:00:30]} 40. Re5 {[%emt 0:00:30]} Kd6 {[%emt 0:00:30]} 41. Re3 {[%emt 0:30:30]} g5 {[%emt 0:30:30]} 42. Rc3 {[%emt 0:00:30]} Rc6 {[%emt 0:00:30]} 43. Re3 {[%emt 0:00:30]} Rc8 {[%emt 0:00:30]} 44. Re5 {[%emt 0:00:30]} f6 {[%emt 0:00:30]} 45. Rf5 {[%emt 0:00:30]} Ke6 {[%emt 0:00:30]} 46. f4 {[%emt 0:00:30]} Rc6 $11 {[%emt 0:00:30]} 1/2-1/2

[Event "SAIF POWERTEC 45th BAN Ch 2019"]
[Site "Dhaka"]
[Date "2019.11.06"]
[Round "5.13"]
[White "Hamid, Rani"]
[Black "Nayem, Haque"]
[Result "0-1"]
[WhiteElo "1916"]
[BlackElo "1911"]
[Annotator "NA RC"]
[PlyCount "104"]
[EventDate "2019.11.02"]
[EventType "swiss"]
[EventRounds "10"]
[EventCountry "BAN"]
[SourceTitle "playchess.com"]
[Source "ChessBase"]
[SourceQuality "1"]
[TimeControl "40/5400+30:1800+30"]

1. e4 e5 2. Nf3 Nc6 3. Bb5 a6 4. Ba4 Nf6 5. O-O Nxe4 6. d4 b5 7. Bb3 d5 8. dxe5 Be6 9. c3 Be7 10. Qe2 Nc5 11. Nd4 Nxd4 12. cxd4 Nxb3 13. axb3 O-O 14. Be3 Qd7 15. Nd2 c5 16. Nf3 c4 17. h3 Bf5 18. Rfc1 cxb3 19. Rc3 Bc2 20. Bd2 b4 21. Re3 Qb5 22. Qe1 a5 23. e6 f6 24. Nh4 f5 25. Nf3 a4 26. Ne5 a3 27. Bc1 Qb6 28. Qd2 f4 29. Rf3 Qxe6 30. Rxf4 Rxf4 31. Qxf4 h6 32. Qd2 Qf5 33. Nc6 Qf6 34. Nxb4 Bxb4 35. Qxb4 Rf8 36. Qe1 a2 37. Be3 Rc8 38. Qb4 Qf5 39. Qb7 Re8 40. Kh2 Kh7 41. Qb4 Re6 42. Qd2 Rg6 43. f3 Bb1 44. Bf4 Qc2 45. Kg1 Qxd2 46. Bxd2 Rc6 47. Kf2 Rc2 48. Ke3 Rxb2 49. g4 Rxd2 50. Kxd2 b2 51. Rxa2 Bxa2 52. Kc2 b1=Q+ 0-1

[Event "SAIF POWERTEC 45th BAN Ch 2019"]
[Site "Dhaka"]
[Date "2019.11.06"]
[Round "5.14"]
[White "Md. Jamal Uddin"]
[Black "Hossain, Delwar"]
[Result "0-1"]
[WhiteElo "2064"]
[BlackElo "2080"]
[Annotator "NA RC"]
[PlyCount "91"]
[EventDate "2019.11.02"]
[EventType "swiss"]
[EventRounds "10"]
[EventCountry "BAN"]
[SourceTitle "playchess.com"]
[Source "ChessBase"]
[SourceQuality "1"]
[TimeControl "40/5400+30:1800+30"]

1. d4 d5 2. Nf3 Nf6 3. c4 e6 4. Bg5 Nbd7 5. e3 Be7 6. Nbd2 O-O 7. Rc1 dxc4 8. Bxc4 a6 9. a4 b6 10. Bd3 Bb7 11. O-O c5 12. Qe2 Nd5 13. Bxe7 Qxe7 14. Ne4 Rfc8 15. Rfd1 Nb4 16. Bb1 Bd5 17. Nc3 Bb7 18. e4 cxd4 19. Nxd4 Ne5 20. f4 Ng6 21. Qf2 Nf8 22. e5 Qc5 23. Nce2 Qd5 24. Nc3 Qc5 25. Kh1 Nd5 26. Nce2 Qb4 27. b3 Rxc1 28. Rxc1 Rd8 29. Be4 Ng6 30. f5 exf5 31. Bxf5 Ndf4 32. Nxf4 Rxd4 33. Nd3 Rxd3 34. Bxd3 Nxe5 35. Re1 f6 36. Bc2 g6 37. Rd1 Qg4 38. Qg3 Qe2 39. Qh3 Qxc2 40. Rd8+ Kg7 41. Rd7+ Nxd7 42. Qxd7+ Kh6 43. Qh3+ Kg5 44. Qg3+ Kf5 45. h3 Qc1+ 46. Kh2 0-1

[Event "SAIF POWERTEC 45th BAN Ch 2019"]
[Site "Dhaka"]
[Date "2019.11.06"]
[Round "5.15"]
[White "Hossain, Monir"]
[Black "Chowdhury, Sohel"]
[Result "1/2-1/2"]
[WhiteElo "2050"]
[BlackElo "2068"]
[Annotator "NA RC"]
[PlyCount "30"]
[EventDate "2019.11.02"]
[EventType "swiss"]
[EventRounds "10"]
[EventCountry "BAN"]
[SourceTitle "playchess.com"]
[Source "ChessBase"]
[SourceQuality "1"]
[TimeControl "40/5400+30:1800+30"]

1. d4 d5 2. c4 c6 3. Nf3 Nf6 4. Nc3 e6 5. e3 Nbd7 6. Qc2 Bd6 7. Bd2 O-O 8. e4 dxe4 9. Nxe4 Nxe4 10. Qxe4 Nf6 11. Qh4 Re8 12. O-O-O h6 13. Ne5 Nd7 14. Qe4 Nf6 15. Qf3 c5 1/2-1/2

[Event "SAIF POWERTEC 45th BAN Ch 2019"]
[Site "Dhaka"]
[Date "2019.11.07"]
[Round "6.1"]
[White "Rahman, Ziaur"]
[Black "Murshed, Niaz"]
[Result "1/2-1/2"]
[WhiteElo "2471"]
[BlackElo "2413"]
[Annotator "TA"]
[PlyCount "62"]
[EventDate "2019.11.02"]
[EventType "swiss"]
[EventCountry "BAN"]
[SourceTitle "playchess.com"]
[Source "ChessBase"]
[SourceQuality "1"]

{[%evp 9,62,24,22,12,35,30,28,35,9,-35,-20,-54,-63,-55,-53,-46,-64,-66,-18,-52,-56,-51,-52,-50,-39,-26,-16,-59,-58,-76,-52,-90,-78,-82,-79,-103,-108,-124,-100,-123,-120,-114,-109,-120,-112,-126,-107,-137,-137,-179,-170,-175,0,-143,0]} 1. Nf3 d5 2. g3 Nf6 3. Bg2 Nc6 4. d4 Bf5 5. c4 e6 6. Nc3 {D02: 1 d4 d5 2 Nf3 sidelines, including 2...Nf6 3 g3 and 2...Nf6 3 Bf4} (6. O-O Nb4 7. Na3 Be7 8. Bd2 O-O 9. c5 a5 10. Qa4 Ne4 11. Bf4 c6 12. Nb1 g5 13. Be3 g4 14. Ne1 {0-1 (26) Gazik,V (2460)-Christiansen,J (2458) Veliko Gradiste 2017}) 6... Bb4 7. O-O Bxc3 8. bxc3 {White has an edge.} Be4 $146 ({Predecessor:} 8... Ne4 9. Bb2 Na5 10. cxd5 exd5 11. Nh4 Bd7 12. Qc2 Qe7 {½-½ (41) Vogel,J (2265)-Weemaes,R (2340) Sas van Gent 1988}) 9. Ne5 (9. cxd5 {looks sharper.} Qxd5 10. Bf4 O-O-O 11. Qb3 Rhg8 12. c4) 9... Bxg2 10. Nxc6 Qd6 $1 $36 {[%mdl 2048] Black is more active.} 11. Kxg2 {[#] Hoping for Ne5.} Qxc6 12. cxd5 Nxd5 {( -> ...Nf4+!)} 13. f3 O-O (13... O-O-O {keeps more tension.} 14. Bd2 Nxc3 15. Qe1 Nb5 16. e3 h5) 14. Bd2 Nxc3 15. Bxc3 Qxc3 16. Rc1 Qa5 17. Qb3 Rab8 18. Rfd1 c6 19. Rc5 Qb6 20. Qc2 Rfd8 21. a4 Qc7 22. e4 Rd6 23. a5 a6 24. Qb2 Rbd8 25. Kf2 Qe7 {[#] Threatens to win with ...Rxd4.} 26. Qc3 h6 27. Rd3 Kh8 28. Ke2 f6 29. Kf2 Qd7 30. Ke3 Qe7 31. Kf2 Qd7 {Accuracy: White = 35%, Black = 73%.} (31... Kh7 $17 32. Rd1 Qd7) 1/2-1/2

[Event "SAIF POWERTEC 45th BAN Ch 2019"]
[Site "Dhaka"]
[Date "2019.11.07"]
[Round "6.2"]
[White "Reefat, Bin-Sattar"]
[Black "Mollah Abdullah, Al Rakib"]
[Result "*"]
[WhiteElo "2417"]
[BlackElo "2462"]
[Annotator "TA"]
[PlyCount "31"]
[EventDate "2019.11.02"]
[EventType "swiss"]
[EventCountry "BAN"]
[SourceTitle "playchess.com"]
[Source "ChessBase"]
[SourceQuality "1"]

{[%evp 14,15,33,33]} 1. e4 e5 2. Nf3 Nf6 3. Nxe5 d6 4. Nf3 Nxe4 5. d4 d5 6. Bd3 Nc6 7. O-O Be7 8. Nbd2 {Predecessor:} Nd6 $146 9. c3 Bf5 10. Be2 O-O 11. Re1 Re8 12. Qb3 Be6 13. Bd3 Bf6 14. Nf1 g6 15. Bf4 Qd7 16. Ne3 {½-½ (67) Dominguez Perez,L (2750)-Bu,X (2729) Hengshui 2019} *

[Event "SAIF POWERTEC 45th BAN Ch 2019"]
[Site "Dhaka"]
[Date "2019.11.07"]
[Round "6.2"]
[White "Mohammad Fahad, Rahman"]
[Black "Mohammad Minhaz Uddin"]
[Result "1/2-1/2"]
[WhiteElo "2250"]
[BlackElo "2322"]
[Annotator "TA"]
[PlyCount "130"]
[EventDate "2019.11.02"]
[EventType "swiss"]
[EventCountry "BAN"]
[SourceTitle "playchess.com"]
[Source "ChessBase"]
[SourceQuality "1"]

{[%evp 18,130,32,32,35,32,32,32,32,33,46,53,58,45,42,37,45,16,46,16,51,46,46,49,47,26,26,22,39,35,41,34,39,23,28,26,27,27,22,27,22,0,0,0,0,-11,0,0,0,0,0,0,0,0,0,0,0,0,0,0,0,0,0,0,0,0,0,0,0,0,0,0,0,0,0,0,0,0,0,0,0,0,0,0,0,0,0,0,0,0,0,0,0,0,0,0,0,0,0,0,0,0,0,0,0,0,0,0,0,0,0,0,0,0,0]} 1. e4 e5 2. Nf3 Nf6 3. Nxe5 d6 4. Nf3 Nxe4 5. d4 d5 6. Bd3 Nc6 7. O-O Be7 8. Nbd2 Nxd2 9. Bxd2 Bg4 10. c3 O-O {C42: Petroff Defence: 3 Nxe5 and unusual White 3rd moves} 11. h3 Bh5 $1 12. g3 Bg6 {White is slightly better.} 13. Bxg6 hxg6 14. Kg2 Qd7 15. Qc2 Rfe8 {[#]} 16. Rae1 $146 ({Predecessor:} 16. Rfe1 b6 17. Bf4 Bd6 18. Bxd6 Qxd6 19. Re2 Re7 20. Rxe7 Nxe7 21. Re1 f6 22. h4 Qd7 23. Ng1 {½-½ (23) Bacrot,E (2715)-Bu,X (2710) Tbilisi 2017}) 16... Bf6 17. Bf4 a6 18. Qd3 Kf8 19. h4 Rxe1 20. Rxe1 Re8 21. Rxe8+ Kxe8 22. Qe2+ Kd8 23. Ne1 Qe7 24. Qxe7+ (24. Be3 {seems wilder.} Qe4+ 25. f3 Qe7 26. Nd3 Kc8 27. a4) 24... Bxe7 $14 {[%mdl 4096] Endgame KBN-KBN} 25. Nd3 Kd7 26. Kf3 b6 27. Kg4 Bd6 28. Bxd6 (28. Bd2 {is more complex.} a5 29. b3 Nd8 30. Be3 b5 31. a4) 28... Kxd6 $11 {KN-KN} 29. h5 {The position is equal.} gxh5+ 30. Kxh5 Ne7 31. b4 Ng8 32. Kg5 Nf6 33. f3 Nd7 34. Kf4 Ke6 35. Kg5 Kd6 36. Kf5 c5 37. a3 c4 38. Nf4 b5 39. g4 Nf8 40. Nh3 Ng6 41. Kg5 Nf8 42. Nf4 Nh7+ 43. Kh5 Nf6+ 44. Kg5 Nh7+ 45. Kh5 Nf6+ 46. Kh4 Nh7 {[#] Threatens to win with ...g5+.} 47. g5 g6 48. Kg4 Nf8 49. Ne2 Nd7 50. Kf4 Nb6 51. Ke3 Ke6 {White should prevent ...Kf5.} 52. Ng3 Na4 53. Kd2 $1 Nb2 54. Ke3 Nd3 55. f4 Ne1 56. Ke2 Nd3 57. Ke3 Nb2 58. Kd2 Na4 59. Kc2 Nb6 60. Kd2 f6 61. f5+ Kf7 62. fxg6+ Kxg6 63. gxf6 Kxf6 64. Nh5+ Ke6 65. Nf4+ Kd6 {Accuracy: White = 69%, Black = 84%.} 1/2-1/2

[Event "SAIF POWERTEC 45th BAN Ch 2019"]
[Site "Dhaka"]
[Date "2019.11.07"]
[Round "6.3"]
[White "Reefat, Bin-Sattar"]
[Black "Mollah Abdullah, Al Rakib"]
[Result "0-1"]
[WhiteElo "2417"]
[BlackElo "2462"]
[Annotator "TA"]
[PlyCount "68"]
[EventDate "2019.11.02"]
[EventType "swiss"]
[EventCountry "BAN"]
[SourceTitle "playchess.com"]
[Source "ChessBase"]
[SourceQuality "1"]

{[%evp 9,86,49,35,32,23,22,29,24,26,27,40,33,37,30,30,30,22,20,39,25,33,15,26,24,36,-5,0,-67,-58,-64,-50,-68,-51,-64,-62,-50,-54,-80,-47,-123,-114,-143,-34,-34,-22,-29,-17,-181,-36,-123,-110,-268,-251,-281,-297,-294,-292,-266,-223,-222,-208,-191,-85,-466,-471,-535,-569,-557,-566,-535,-437,-571,-438,-436,-434,-425,-404,-394,-388]} 1. e4 d5 2. exd5 Qxd5 3. Nc3 Qd6 4. d4 g6 (4... Nf6 5. Nf3 g6 6. Nb5 Qd8 7. c4 c6 8. Nc3 Bg4 9. Be2 Bg7 10. h3 Bxf3 11. Bxf3 Nbd7 12. O-O O-O 13. Re1 {1-0 (41) Caruana,F (2819)-Nakamura,H (2754) Paris 2019}) 5. Nge2 Nf6 6. g3 {B01: Scandinavian Defence} Bg7 7. Bg2 c6 8. Bf4 {White has an edge.} Qd8 9. Qd2 Bf5 10. h3 Nbd7 $146 ({Predecessor:} 10... O-O 11. O-O-O Qa5 12. Kb1 Kh8 {1-0 (79) Volotovsky,K (2022)-Obodets,M (2027) Chernivtsi 2017}) 11. g4 Be6 12. Bh6 Bxh6 13. Qxh6 Bc4 14. O-O Qc7 15. Rfe1 O-O-O 16. Ng3 Nb6 17. Qe3 Be6 18. Qe5 (18. g5 $11 Nfd5 19. Nxd5 Nxd5 20. Bxd5 cxd5 21. h4) 18... h5 19. g5 h4 20. Qxc7+ Kxc7 21. Nge2 Nh5 22. Kh2 Bf5 23. a4 a5 {[%cal Ba7a5,Ba5b4][%mdl 32]} (23... Bxc2 24. a5 $11) 24. b4 ({White should try} 24. Be4 $15) 24... axb4 $17 25. Na2 Nd5 (25... Nxa4 26. Nxb4 Ra8 27. d5 $15) (25... Ra8 $17 26. Nxb4 Rxa4 27. Rxa4 Nxa4) 26. Bxd5 $1 $15 Rxd5 27. Nxb4 Ra5 $36 {[%mdl 2048] Black is more active.} 28. c4 $2 (28. Nc1 $1 $11 {and White is okay.}) 28... Rd8 (28... Rha8 $19 29. Nc3 e6) 29. Ra3 (29. Nc1 $1 $15) 29... e6 $17 30. d5 $2 (30. c5 $17) 30... c5 $19 ({Don't play} 30... exd5 31. cxd5 c5 32. Rc1 $19) 31. Na2 exd5 32. cxd5 b5 {[%cal Bb7b5,Bb5b4][%mdl 32] White must now prevent ...b4.} (32... Rxd5 33. Re3 $19) 33. Rc1 Kb6 ({Don't take} 33... bxa4 34. Nac3 $17) ({Weaker is} 33... Rxa4 34. Rxa4 bxa4 35. Rxc5+ Kb6 36. Rc6+ Kb7 37. Rc4 $15) 34. Nec3 Bd3 {Played: b5-b4} 0-1

[Event "SAIF POWERTEC 45th BAN Ch 2019"]
[Site "Dhaka"]
[Date "2019.11.07"]
[Round "6.4"]
[White "Rahman, Taibur"]
[Black "Abu Sufian, Shakil"]
[Result "1-0"]
[WhiteElo "2196"]
[BlackElo "2251"]
[Annotator "TA"]
[PlyCount "117"]
[EventDate "2019.11.02"]
[EventType "swiss"]
[EventCountry "BAN"]
[SourceTitle "playchess.com"]
[Source "ChessBase"]
[SourceQuality "1"]

{[%evp 26,121,32,18,24,15,15,21,17,10,16,12,20,0,12,8,10,0,10,10,6,10,19,44,39,0,0,0,0,0,0,0,0,0,30,0,12,0,0,-199,-197,-224,-133,-129,-129,-120,-46,-43,-47,-127,-135,-152,-156,-174,-185,-166,-108,-114,-106,-108,-105,-147,-154,-157,-160,-178,-162,-212,0,0,0,0,0,0,0,0,0,0,8,8,8,0,202,179,304,203,29972,29974,29989,29989,29989,29990,29985,29970,29970,29955,12794,5758]} 1. d4 d5 2. c4 c6 3. Nf3 Nf6 4. Nc3 dxc4 5. a4 Bf5 6. e3 e6 7. Bxc4 Bb4 8. O-O Nbd7 9. Qe2 Bg6 10. e4 O-O 11. Bd3 Bh5 12. e5 Nd5 13. Nxd5 cxd5 14. Qe3 Re8 {D19: Slav Defence: 5 a4 Bf5 6 e3: Main line with 9 Qe2} 15. Bd2 Qa5 16. Qe1 Bxd2 {The position is equal.} 17. Qxd2 Qxd2 18. Nxd2 Nb8 19. a5 {[#]} a6 $146 ({Predecessor:} 19... Nc6 20. Ra4 Rec8 21. Rc1 Ne7 22. Raa1 Nc6 23. Ra4 Ne7 24. Raa1 Nc6 {½-½ (24) Roiz,M (2605)-Radjabov,T (2696) Novi Sad 2016}) 20. Nb3 Nc6 21. Ra4 Rac8 22. Rc1 Rc7 23. f4 Bg6 24. Bxg6 hxg6 25. Kf2 (25. Rb4 $5) 25... Rec8 26. Rc5 Kf8 27. Ke3 Ke7 28. Rc3 Rh8 29. h3 Kd7 30. Ra1 Kc8 31. Nc5 Rh4 32. Na4 $2 (32. Rac1 $11 Nxa5 33. Kf3) 32... g5 $1 $19 33. fxg5 Re4+ ({Not} 33... Nxd4 34. Nb6+ Kd8 35. Rxc7 $11) (33... Rxd4 $19 34. Nb6+ Kb8) 34. Kf2 $17 Rxd4 35. g6 Nxe5 ({Better is} 35... Re4 $17 36. gxf7 Rxf7+ 37. Rf3 Rxf3+ 38. gxf3 Rxe5) 36. gxf7 $1 $15 Nxf7 37. Nb6+ ({White should play} 37. Rac1 $1 $15 Rxc3 38. Rxc3+ Kd8 39. Nc5) 37... Kd8 $1 $17 38. Rxc7 Kxc7 {[%mdl 4096] Endgame KRN-KRN} 39. Rc1+ Kd6 40. Nc8+ Kd7 (40... Ke5 $19 41. Rc7 Ng5) 41. Nb6+ {[#]} Ke8 $1 42. Rc7 Rd2+ 43. Kf3 Rxb2 44. Rxb7 Rb5 45. Ra7 Rxa5 46. Na8 {intending Nc7+.} e5 $2 (46... Ne5+ $19 47. Kf4 Nd7 48. Rxa6 e5+ 49. Kf3 Rxa6 50. Nc7+ Ke7 51. Nxa6 Kd6) 47. Nc7+ $11 Kf8 48. Ne6+ Kg8 49. Ra8+ Kh7 {Threatens to win with ...Ra3+.} 50. Ra7 Nd6 51. Rxg7+ Kh8 52. Kg4 Ra2 53. Kh5 Ne8 $2 {[#]} (53... Rf2 $11 {and Black stays safe.}) 54. Re7 $1 $18 {[%cal Re7e8][%mdl 1024] White has strong compensation.} Nd6 (54... Kg8 $142) 55. g4 {Hoping for Rd7.} Rf2 $2 (55... Rb2 $18 56. Rd7 Nb7 57. Rxd5 Rb6) 56. Kg6 d4 57. Rd7 Ne8 58. g5 Kg8 {[#]} 59. h4 {Played: Rd7-d8} 1-0

[Event "SAIF POWERTEC 45th BAN Ch 2019"]
[Site "Dhaka"]
[Date "2019.11.07"]
[Round "6.5"]
[White "Manon, Reja Neer"]
[Black "Chatterjee, Debaraj"]
[Result "1-0"]
[WhiteElo "1829"]
[BlackElo "2250"]
[Annotator "RC"]
[PlyCount "55"]
[EventDate "2019.11.02"]
[EventType "swiss"]
[EventCountry "BAN"]
[SourceTitle "playchess.com"]
[Source "ChessBase"]
[SourceQuality "1"]
[TimeControl "40/5400+30:1800+30"]

1. e4 {[%emt 0:00:00]} c5 {[%emt 0:07:35]} 2. Nf3 {[%emt 0:00:00]} d6 {[%emt 0:00:14]} 3. d4 {[%emt 0:00:00]} cxd4 {[%emt 0:00:07]} 4. Nxd4 {[%emt 1:32:00]} Nf6 {[%emt 0:00:06]} 5. Nc3 {[%emt 0:00:07]} a6 {[%emt 0:00:06]} 6. Be2 {[%emt 1:32:53]} e5 {[%emt 0:00:28]} 7. Nb3 {[%emt 1:33:12]} Be7 {[%emt 0:00:08]} 8. O-O {[%emt 0:00:25]} O-O {[%emt 0:00:56]} 9. Be3 {[%emt 0:00:09]} Be6 {[%emt 0:01:23]} 10. f4 {[%emt 0:01:51]} exf4 {[%emt 0:01:35]} 11. Bxf4 {[%emt 0:00:35]} Nc6 {[%emt 0:00:18]} 12. Qe1 {[%emt 1:32:40]} d5 {[%emt 0:13:55]} 13. e5 {[%emt 0:13:04]} Qb6+ {[%emt 0:11:37]} 14. Kh1 {[%emt 0:01:12]} Ne4 {[%emt 0:00:11]} 15. Bd3 {[%emt 0:14:25]} Nc5 {[%emt 0:58:51]} 16. Nxc5 {[%emt 0:10:44]} Qxc5 {[%emt 0:01:09]} 17. Qg3 {[%emt 0:55:07]} Rfe8 {[%emt 0:08:38]} 18. Rad1 {[%emt 0:04:01]} Nb4 {[%emt 0:07:21]} 19. Be3 {[%emt 0:19:09]} Qa5 {[%emt 0:07:03]} 20. Bf5 {[%emt 0:31:56]} Nc6 {[%emt 0:06:43]} 21. Qh3 {[%emt 0:00:00]} Bxf5 {[%emt 0:03:03]} 22. Qxf5 {[%emt 0:00:00]} d4 {[%emt 0:00:26]} 23. Bxd4 {[%emt 0:01:30]} Nxd4 {[%emt 0:00:03]} 24. Rxd4 {[%emt 0:00:00]} Qb6 {[%emt 0:09:25]} 25. Qxf7+ {[%emt 0:00:00]} Kh8 {[%emt 0:00:01]} 26. Rg4 {[%emt 0:00:00]} Bf8 {[%emt 0:02:25]} 27. Nd5 {[%emt 0:00:00]} Qd8 {[%emt 0:01:45]} 28. Nf6 {[%emt 0:00:00]} 1-0